W.R. : Mysteries of the Organism = W.R. : Misterije organizma /
Guardado en:
| Hovedforfatter: | |
|---|---|
| Andre forfattere: | , , , , , , , , |
| Format: | |
| Serier: | (Criterion Collection ;
389) |
| Fag: | |
| Tags: |
Ingen Tags, Vær først til at tagge denne postø!
|
MARC
| LEADER | 00000ngm^a2200000^a^4500 | ||
|---|---|---|---|
| 001 | 000300711 | ||
| 005 | 20251020000000.0 | ||
| 009 | 20260310112521.415 | ||
| 020 | |a 1-934121-58-4 | ||
| 037 | |a Acervo ITESO - Biblioteca | ||
| 041 | |a OTR | ||
| 082 | |a 808. 8 |b CRI V. 389 | ||
| 100 | |a Makavejev, Dusan |e (realización) | ||
| 240 | 1 | 1 | |a [WR: los misterios del organismo] |
| 245 | 1 | 0 | |a W.R. : |b Mysteries of the Organism = W.R. : Misterije organizma / |c Realización de D. Makavejev. |
| 246 | 2 | |a Título en México: WR: los misterios del organismo | |
| 264 | 2 | |a Nueva York, EUA : |b Criterion Collection [distribución], |c 2007, c2007 | |
| 300 | |a 1 DVD región 1 (85 min.) : |b color + |e 1 folleto ([16] p.) | ||
| 336 | |a imagen móvil bidimensional |b tdi |2 rdacontenido | ||
| 337 | |a video |b v |2 rdamedio | ||
| 338 | |a videodisco |b vd |2 rdasoporte | ||
| 440 | 1 | |a (Criterion Collection ; |v 389) | |
| 546 | |a En alemán, inglés, ruso y servo-croata, con subtítulos opcionales: inglés | ||
| 585 | |a Ambulante: Gira de Documentales (12ª: 2017): Participante sección retrospectiva El Cine como Arte Subversivo | ||
| 649 | |a XX | ||
| 650 | |a Psicoanalistas Austríacos | ||
| 650 | |a Parodias | ||
| 650 | |a Sátira | ||
| 650 | |a Comedias de Humor Negro | ||
| 650 | |a Comedias Cinematográficas | ||
| 650 | |a Surrealismo en el Cine | ||
| 650 | |a Cine Fantástico | ||
| 650 | |a Cine Experimental - |z Yugoslavia | ||
| 650 | |a Cine Yugoslavo - |y 1970-1979 | ||
| 650 | |a Cine Yugoslavo - |y Siglo XX | ||
| 650 | |a Libertad | ||
| 650 | |a Orgasmo | ||
| 650 | |a Placer Sexual | ||
| 650 | |a Sexualidad - |x Aspectos Políticos | ||
| 650 | |a Feminismo | ||
| 650 | |a Contracultura | ||
| 650 | |a Psicoanálisis y Marxismo | ||
| 650 | |a Estalinismo - |x Historia | ||
| 650 | |a Política - |z Yugoslavia - |x Historia - |y 1945-1980 | ||
| 650 | |a Política - |z Yugoslavia - |x Historia - |y República Federal Socialista, 1945-1992 | ||
| 650 | |a Política - |z Yugoslavia - |x Historia - |y Siglo XX | ||
| 650 | |a Política - |z Rusia - |x Historia - |y Régimen Stalinista, 1924-1953 | ||
| 650 | |a Política - |z Rusia - |x Historia - |y URSS, 1922-1991 | ||
| 650 | |a Política - |z Rusia - |x Historia - |y Siglo XX | ||
| 650 | |a Política - |z Europa Oriental - |x Historia - |y 1945-1989 | ||
| 650 | |a Política - |z Europa Oriental - |x Historia - |y Siglo XX | ||
| 650 | |a Reich, Wilhelm | ||
| 740 | 0 | |a WR, Sex, and the Art of Radical Juxtaposition / |c Texto del folleto de J. Rosenbaum. | |
| 700 | |a Makavejev, Dusan |e (guión) | ||
| 700 | |a Popovic, Predrag |e (fotógrafo) | ||
| 700 | |a Petkovic, Aleksandar |e (fotógrafo) | ||
| 700 | |a Vukasovic, Ivanka |e (montaje) | ||
| 700 | |a Marijan, Bojana |e (música) | ||
| 700 | |a Dravic, Milena |e (actuación) | ||
| 700 | |a Vidovic, Ivica |e (actuación) | ||
| 700 | |a Kaloper, Jagoda |e (actuación) | ||
| 700 | |a Rosenbaum, Jonathan |e (texto del folleto) | ||
| 910 | |a Fondo General | ||
| 920 | |a Audiovisuales - DVDs | ||
| 940 | |a Películas | ||
| 905 | |a 308 | ||
| 901 | |a 0500097241 |b IT2 |c DVR |i C123667 |u 20250521 | ||
| 901 | |a 0500097242 |b IT2 |c MIN |u 20251020 | ||
| 902 | |a https://opac.biblio.iteso.mx/vufind/Record/000300711 | ||